[Event "HUN-chT2 Erkel 2324"]
[Site "Hunagry"]
[Date "2024.04.21"]
[Round "8.2"]
[White "Mirza, Solyom"]
[Black "Erdelyi, Zombor"]
[Result "1/2-1/2"]
[WhiteElo "2056"]
[BlackElo "2289"]
[PlyCount "144"]
[EventDate "2023.10.08"]
[EventType "team-tourn"]
[EventRounds "9"]
[EventCountry "HUN"]
[SourceTitle "EXT 2025"]
[Source "ChessBase"]
[SourceDate "2024.10.14"]
[SourceVersion "1"]
[SourceVersionDate "2024.10.14"]
[SourceQuality "1"]
[WhiteTeam "Vac"]
[BlackTeam "Hus"]
[WhiteTeamCountry "HUN"]
[BlackTeamCountry "HUN"]

1. e4 c5 2. Nf3 d6 3. d4 cxd4 4. c3 dxc3 5. Nxc3 Nc6 6. Bc4 Nf6 7. e5 dxe5 8. Qxd8+ Kxd8 9. Ng5 Kd7 10. Nxf7 Rg8 11. Ng5 Rh8 12. Nb5 e6 13. Bxe6+ Ke7 14. Bb3 h6 15. Nf7 Rh7 16. f4 e4 17. Nc7 Rb8 18. Be3 Kd7 19. Nb5 Bb4+ 20. Ke2 Ke7 21. a3 Bg4+ 22. Kf1 Be6 23. Bxe6 Kxe6 24. Ne5 Nd5 25. Nd4+ Nxd4 26. Bxd4 Bd6 27. g3 g5 28. Re1 Kf5 29. Nc4 Be7 30. fxg5 Rc8 31. Nd2 e3 32. Bxe3 Nxe3+ 33. Rxe3 Bxg5 34. Rf3+ Kg6 35. Ne4 Re7 36. Nc3 Bc1 37. Nd5 Rd7 38. Rd3 Rcd8 39. Ke2 Bxb2 40. Rhd1 Kg7 41. a4 Be5 42. Kf3 Kf7 43. Nf4 Rxd3+ 44. Nxd3 Kf6 45. Ke3 Bd4+ 46. Ke4 Bb6 47. Rf1+ Ke7 48. Nf4 Re8 49. Kf5 Kd6 50. Rd1+ Kc6 51. Rc1+ Kd6 52. Rd1+ Kc6 53. Rc1+ Bc5 54. Ne6 b6 55. a5 Rg8 56. axb6 axb6 57. g4 Kd6 58. Rd1+ Kc6 59. Rc1 Kd5 60. h4 Be3 61. Rd1+ Kc4 62. g5 hxg5 63. hxg5 b5 64. g6 b4 65. Kf6 b3 66. Kf7 Rb8 67. g7 Bh6 68. g8Q Rxg8 69. Kxg8 b2 70. Rb1 Kb3 71. Nc5+ Kc2 72. Rxb2+ Kxb2 1/2-1/2

[Event "HUN-chT2 Erkel 2324"]
[Site "Hunagry"]
[Date "2024.03.03"]
[Round "5.2"]
[White "Bravin, Alexey"]
[Black "Mirza, Solyom"]
[Result "0-1"]
[WhiteElo "2049"]
[BlackElo "2059"]
[PlyCount "62"]
[EventDate "2023.10.08"]
[EventType "team-tourn"]
[EventRounds "9"]
[EventCountry "HUN"]
[SourceTitle "EXT 2025"]
[Source "ChessBase"]
[SourceDate "2024.10.14"]
[SourceVersion "1"]
[SourceVersionDate "2024.10.14"]
[SourceQuality "1"]
[WhiteTeam "Fot"]
[BlackTeam "Vac"]
[WhiteTeamCountry "HUN"]
[BlackTeamCountry "HUN"]

1. Nf3 Nf6 2. d4 c5 3. d5 e6 4. c4 b5 5. Bg5 h6 6. Bxf6 Qxf6 7. Nc3 b4 8. Nb5 Na6 9. Qc2 Be7 10. e4 e5 11. a3 0-0 12. Bd3 d6 13. h3 Bd7 14. Qe2 Bd8 15. 0-0 g5 16. Nh2 Qg6 17. g4 Kg7 18. Kg2 Rh8 19. f3 h5 20. Qe3 Bb6 21. Be2 Rh6 22. Rh1 Rah8 23. Nf1 Bxb5 24. cxb5 c4 25. Qd2 hxg4 26. bxa6 gxf3+ 27. Bxf3 g4 28. Ng3 gxf3+ 29. Kxf3 Rxh3 30. Rhg1 Qh5+ 31. Kg2 Rh2+ 0-1

[Event "HUN-chT2 Erkel 2324"]
[Site "Hunagry"]
[Date "2024.02.18"]
[Round "4.2"]
[White "Mirza, Solyom"]
[Black "Reviczki, Roland"]
[Result "0-1"]
[WhiteElo "2060"]
[BlackElo "2231"]
[PlyCount "88"]
[EventDate "2023.10.08"]
[EventType "team-tourn"]
[EventRounds "9"]
[EventCountry "HUN"]
[SourceTitle "EXT 2025"]
[Source "ChessBase"]
[SourceDate "2024.10.14"]
[SourceVersion "1"]
[SourceVersionDate "2024.10.14"]
[SourceQuality "1"]
[WhiteTeam "Vac"]
[BlackTeam "TFSE"]
[WhiteTeamCountry "HUN"]
[BlackTeamCountry "HUN"]

1. e4 c5 2. f4 d5 3. Nf3 dxe4 4. Ng5 Bf5 5. g4 Bd7 6. Nxe4 e5 7. Bg2 Nc6 8. 0-0 Nf6 9. Nxf6+ gxf6 10. Nc3 Rg8 11. f5 h5 12. h3 hxg4 13. hxg4 c4 14. Ne4 Qb6+ 15. Kh2 Be7 16. b3 Rh8+ 17. Kg3 cxb3 18. axb3 0-0-0 19. c3 Kb8 20. Qe2 Qxb3 21. Qe3 Qb5 22. Rf3 Bc8 23. Bf1 Qb3 24. d4 exd4 25. cxd4 Qxe3 26. Bxe3 Nxd4 27. Rf2 a6 28. Rb2 Ka8 29. Ra4 Nc6 30. Bb5 Ne5 31. Bc5 Rdg8 32. Be2 Bxc5 33. Nxc5 Ka7 34. Rab4 Nc6 35. Rb6 Nd4 36. Rxf6 Re8 37. Bc4 Re3+ 38. Kf4 Rc3 39. Rxf7 Rxc4 40. Ne4 Nxf5 41. Rxf5 Bxf5 42. Kxf5 Rf8+ 43. Nf6 Rxg4 44. Kxg4 Rxf6 0-1

[Event "HUN-chT2 Erkel 2324"]
[Site "Hunagry"]
[Date "2023.12.10"]
[Round "3.2"]
[White "Mirza, Solyom"]
[Black "Berczes, Csaba"]
[Result "0-1"]
[WhiteElo "2082"]
[BlackElo "2286"]
[PlyCount "74"]
[EventDate "2023.10.08"]
[EventType "team-tourn"]
[EventRounds "9"]
[EventCountry "HUN"]
[SourceTitle "EXT 2025"]
[Source "ChessBase"]
[SourceDate "2024.10.14"]
[SourceVersion "1"]
[SourceVersionDate "2024.10.14"]
[SourceQuality "1"]
[WhiteTeam "Vac"]
[BlackTeam "Dunaharaszti II"]
[WhiteTeamCountry "HUN"]
[BlackTeamCountry "HUN"]

1. e4 Nf6 2. e5 Nd5 3. c4 Nb6 4. c5 Nd5 5. Bc4 e6 6. Nc3 Bxc5 7. Qg4 0-0 8. d4 f5 9. exf6 Nxf6 10. Qh4 Be7 11. Bd3 d5 12. Bg5 h6 13. f4 Qe8 14. Nf3 hxg5 15. fxg5 Qh5 16. Qg3 Bd6 17. Ne5 Ne4 18. Nxe4 dxe4 19. Be2 Qh7 20. 0-0-0 Nc6 21. Bg4 Ne7 22. Rhf1 Nf5 23. Bxf5 Rxf5 24. Rxf5 Qxf5 25. Qh4 Be7 26. Kb1 e3+ 27. Ka1 Qxg5 28. Qe4 Bf6 29. h4 Qg3 30. h5 Bxe5 31. dxe5 Bd7 32. h6 Bc6 33. Qc4 Qxe5 34. hxg7 e2 35. Re1 Rd8 36. Qc1 Qd4 37. Rh1 Qd1 0-1

[Event "HUN-chT2 Erkel 2324"]
[Site "Hunagry"]
[Date "2023.10.29"]
[Round "2.2"]
[White "Reznak, Attila"]
[Black "Mirza, Solyom"]
[Result "0-1"]
[WhiteElo "2214"]
[BlackElo "2068"]
[PlyCount "82"]
[EventDate "2023.10.08"]
[EventType "team-tourn"]
[EventRounds "9"]
[EventCountry "HUN"]
[SourceTitle "EXT 2025"]
[Source "ChessBase"]
[SourceDate "2024.10.14"]
[SourceVersion "1"]
[SourceVersionDate "2024.10.14"]
[SourceQuality "1"]
[WhiteTeam "Godolloi SBE"]
[BlackTeam "Vac"]
[WhiteTeamCountry "HUN"]
[BlackTeamCountry "HUN"]

1. c4 e5 2. Nc3 Nc6 3. g3 f5 4. Bg2 Nf6 5. d3 Bb4 6. Bd2 0-0 7. a3 Bxc3 8. Bxc3 d6 9. e3 f4 10. exf4 exf4 11. Ne2 Qe7 12. 0-0 fxg3 13. hxg3 Ng4 14. Qd2 Nce5 15. f3 Nh6 16. b3 Nf5 17. Rae1 Qf7 18. d4 Nd7 19. g4 Nh4 20. Qg5 Nxg2 21. Kxg2 h6 22. Qd2 b5 23. d5 bxc4 24. bxc4 Nb6 25. Qd4 Ba6 26. Nf4 Bxc4 27. Rf2 Bxd5 28. Nh5 Bxf3+ 29. Kg1 c5 30. Qxd6 Rad8 31. Qxc5 Qg6 32. Qc7 Qxg4+ 33. Qg3 Qxg3+ 34. Nxg3 Rd3 35. Bb4 Rf4 36. Re8+ Kh7 37. Bd2 Rg4 38. Kh2 Rh4+ 39. Kg1 Rh3 40. Bf4 Bc6 41. Re7 Nd5 0-1

[Event "HUN-chT2 Erkel 2223"]
[Site "Hungary"]
[Date "2023.02.12"]
[Round "5.1"]
[White "Petran, Pal"]
[Black "Mirza, Solyom"]
[Result "1-0"]
[WhiteElo "2304"]
[BlackElo "2087"]
[PlyCount "53"]
[EventDate "2022.11.20"]
[EventType "team-tourn"]
[EventRounds "9"]
[EventCountry "HUN"]
[SourceTitle "EXT 2025"]
[Source "ChessBase"]
[SourceDate "2024.10.14"]
[SourceVersion "1"]
[SourceVersionDate "2024.10.14"]
[SourceQuality "1"]
[WhiteTeam "HASE"]
[BlackTeam "Vac"]
[WhiteTeamCountry "HUN"]
[BlackTeamCountry "HUN"]

1. Nf3 g5 2. h3 h6 3. d4 c5 4. d5 d6 5. e4 Bg7 6. Nc3 a6 7. a4 e5 8. Be2 Ne7 9. Nd2 b6 10. Nc4 0-0 11. g3 f5 12. Be3 Qc7 13. h4 f4 14. Bd2 Ng6 15. hxg5 hxg5 16. Bg4 fxg3 17. fxg3 Qf7 18. Be3 Nf4 19. gxf4 exf4 20. Bxc8 Rxc8 21. Nxd6 Bxc3+ 22. Bd2 Bxd2+ 23. Kxd2 Qf6 24. Qh5 Qd4+ 25. Kc1 Qg7 26. Nxc8 Nd7 27. Qe8+ 1-0

[Event "HUN-chT2 Erkel 2223"]
[Site "Hungary"]
[Date "2022.11.20"]
[Round "1.1"]
[White "Mirza, Solyom"]
[Black "Vereb, Gabor"]
[Result "0-1"]
[WhiteElo "2095"]
[BlackElo "2224"]
[PlyCount "60"]
[EventDate "2022.11.20"]
[EventType "team-tourn"]
[EventRounds "9"]
[EventCountry "HUN"]
[SourceTitle "EXT 2025"]
[Source "ChessBase"]
[SourceDate "2024.10.14"]
[SourceVersion "1"]
[SourceVersionDate "2024.10.14"]
[SourceQuality "1"]
[WhiteTeam "Vac"]
[BlackTeam "GSBE"]
[WhiteTeamCountry "HUN"]
[BlackTeamCountry "HUN"]

1. e4 Nf6 2. e5 Nd5 3. c4 Nb6 4. c5 Nd5 5. Bc4 e6 6. Nc3 Nxc3 7. bxc3 Bxc5 8. d4 Bf8 9. Ne2 d5 10. Bd3 c5 11. 0-0 Nc6 12. Be3 c4 13. Bc2 b5 14. f4 g6 15. g4 Qb6 16. Qe1 Bd7 17. Qf2 0-0-0 18. a4 b4 19. cxb4 Bxb4 20. Rfb1 a5 21. Nc3 Ne7 22. Bd2 Kc7 23. Nb5+ Bxb5 24. Bxb4 axb4 25. Rxb4 Nc6 26. Rxb5 Qxd4 27. Rab1 Rb8 28. Qxd4 Nxd4 29. Rc5+ Kd7 30. Rxc4 Rxb1+ 0-1

[Event "HUN-chT2 Erkel 2223"]
[Site "Hungary"]
[Date "2022.10.16"]
[Round "4.1"]
[White "Mirza, Solyom"]
[Black "Dencsi, Tibor"]
[Result "0-1"]
[WhiteElo "2104"]
[BlackElo "2290"]
[PlyCount "120"]
[EventDate "2022.11.20"]
[EventType "team-tourn"]
[EventRounds "9"]
[EventCountry "HUN"]
[SourceTitle "EXT 2025"]
[Source "ChessBase"]
[SourceDate "2024.10.14"]
[SourceVersion "1"]
[SourceVersionDate "2024.10.14"]
[SourceQuality "1"]
[WhiteTeam "Vac"]
[BlackTeam "Vizugy"]
[WhiteTeamCountry "HUN"]
[BlackTeamCountry "HUN"]

1. e4 d5 2. d4 dxe4 3. Nc3 e5 4. Nxe4 Qxd4 5. Bd3 Nc6 6. Nf3 Qd5 7. Qe2 Bg4 8. c3 0-0-0 9. Bc4 Qd7 10. 0-0 h6 11. h3 Bxf3 12. Qxf3 f5 13. Ng3 g6 14. Qe2 Kb8 15. b4 Bg7 16. Qc2 Nge7 17. Qb3 Nc8 18. a4 Nb6 19. Bf7 Ne7 20. Be3 Nbd5 21. Bc5 Nf4 22. Rad1 Qc6 23. f3 Nc8 24. Bf2 h5 25. b5 Qf6 26. b6 cxb6 27. a5 h4 28. axb6 a6 29. Qc4 Nxb6 30. Qb3 Rdf8 31. Bc5 Qc6 32. Bxb6 hxg3 33. Be3 Rd8 34. Bc4 g5 35. Ra1 b5 36. Rfb1 Rh6 37. Ra5 Kc8 38. Rxb5 axb5 39. Bxb5 Qb7 40. Qc4+ Kb8 41. Qa2 Nd5 42. Bc6 Nb4 43. Bxb7 Nxa2 44. Bd5+ Kc8 45. Bxa2 f4 46. Bc5 Rc6 47. Bb4 Bf8 48. Ba5 Rd2 49. Bf7 Bc5+ 50. Kf1 Rf2+ 51. Ke1 Rxg2 52. Rb5 Rc2 53. Bh5 Kd7 54. Bg4+ Ke7 55. Rb7+ Kf8 56. Rb8+ Kg7 57. Rb7+ Kg8 58. Rb8+ Bf8 59. Bb4 g2 60. Kd1 Rf2 0-1

[Event "HUN-chT2 Erkel 2122"]
[Site "Hungary"]
[Date "2021.10.31"]
[Round "2.1"]
[White "Gubics, Peter"]
[Black "Mirza, Solyom"]
[Result "0-1"]
[WhiteElo "2011"]
[BlackElo "2135"]
[PlyCount "82"]
[EventDate "2021.10.10"]
[EventType "team-tourn"]
[EventRounds "9"]
[EventCountry "HUN"]
[SourceTitle "EXT 2025"]
[Source "ChessBase"]
[SourceDate "2024.10.14"]
[SourceVersion "1"]
[SourceVersionDate "2024.10.14"]
[SourceQuality "1"]
[WhiteTeam "Fot"]
[BlackTeam "Vac"]
[WhiteTeamCountry "HUN"]
[BlackTeamCountry "HUN"]

1. Nf3 g5 2. Nxg5 e5 3. d4 Be7 4. Nxf7 Kxf7 5. e4 h5 6. dxe5 d6 7. Bc4+ Kg7 8. Qf3 Qe8 9. Nc3 dxe5 10. Qg3+ Qg6 11. Qxe5+ Bf6 12. Qxc7+ Nd7 13. Bd2 Be5 14. Qa5 Ne7 15. 0-0-0 b6 16. Qb4 Bd6 17. Qb5 Nc5 18. Nd5 Ba6 19. Nf4 Bxf4 20. Qb4 Nc6 21. Qa3 Bxd2+ 22. Rxd2 Bxc4 23. Qc3+ Qf6 24. Qxc4 Rac8 25. Rhd1 Ne5 26. Qd4 Rhd8 27. Qxd8 Rxd8 28. Rxd8 Nc4 29. R8d4 b5 30. f3 Ne6 31. Rd7+ Kg6 32. c3 b4 33. g4 bxc3 34. gxh5+ Kh6 35. b3 Qg5+ 36. Kc2 Ne3+ 37. Kxc3 Qe5+ 38. Kb4 Qc5+ 39. Ka4 a5 40. a3 Nxd1 41. Rxd1 Nd4 0-1

[Event "Budapest FS05 FM-B"]
[Site "Budapest"]
[Date "2012.05.07"]
[Round "3"]
[White "Mirza, Solyom"]
[Black "Nemeth, Otto"]
[Result "1-0"]
[WhiteElo "1671"]
[BlackElo "1858"]
[PlyCount "51"]
[EventDate "2012.05.05"]
[EventType "tourn"]
[EventRounds "11"]
[EventCountry "HUN"]
[SourceTitle "CBM 148 Extra"]
[Source "ChessBase"]
[SourceDate "2012.06.22"]
[SourceVersion "1"]
[SourceVersionDate "2012.06.22"]
[SourceQuality "1"]

1. e4 c5 2. Nf3 Nc6 3. d4 cxd4 4. Nxd4 d6 5. Nc3 Nf6 6. Bg5 e6 7. Qd2 Be7 8. 0-0-0 0-0 9. f4 a6 10. Be2 Qc7 11. Bf3 Rd8 12. g4 h6 13. Bxf6 Bxf6 14. Nde2 b5 15. Rdg1 g5 16. h4 gxf4 17. g5 hxg5 18. Qxf4 Bg7 19. Qxg5 f6 20. Qg2 Ne5 21. h5 Kh7 22. h6 Bh8 23. Rh5 Qf7 24. Rh3 Rg8 25. Qg7+ Rxg7 26. hxg7+ 1-0